Сборник заданий и упражнений по концепциям современного естествознания: учебное пособие для вузов

Bibliografiset tiedot
Päätekijä: Петунин О. В. Олег Викторович
Yhteenveto:Настоящее пособие «Сборник заданий и упражнений по концепциям современного естествознания» предназначено для проверки знаний у студентов высших учебных заведений различных гуманитарных специальностей, изучающих соответствующий курс. Сборник включает разнообразные типы заданий и упражнений: различные по структуре и сложности тесты, задачи, проблемные вопросы, способствующие активному участию обучаемых в учебном процессе. К заданиям тестового характера в конце сборника приводятся ответы.В соответствии с учебной программой по концепциям современного естествознания для вузов задания и упражнения, предлагаемые в пособии, разделены на отдельные разделы. Пособие адресовано преподавателям и студентам вузов, но оно также может быть полезно студентам ссузов, школьным учителям и школьникам, интересующимся проблемами естествознания.
Kieli:venäjä
Julkaistu: Ростов-на-Дону, Феникс, 2009
Sarja:Библиотека студента
Aiheet:
Aineistotyyppi: MixedMaterials Kirja
KOHA link:https://koha.lib.tpu.ru/cgi-bin/koha/opac-detail.pl?biblionumber=174984

MARC

LEADER 00000nam0a2200000 4500
001 174984
005 20231101223210.0
010 |a 9785222160015 
035 |a (RuTPU)RU\TPU\book\189749 
090 |a 174984 
100 |a 20100208d2009 m y0rusy50 ca 
101 0 |a rus 
102 |a RU 
105 |a y j 001zy 
200 1 |a Сборник заданий и упражнений по концепциям современного естествознания  |e учебное пособие для вузов  |f О. В. Петунин 
210 |a Ростов-на-Дону  |c Феникс  |d 2009 
215 |a 223 с. 
225 1 |a Библиотека студента 
320 |a Библиогр.: с. 221. 
330 |a Настоящее пособие «Сборник заданий и упражнений по концепциям современного естествознания» предназначено для проверки знаний у студентов высших учебных заведений различных гуманитарных специальностей, изучающих соответствующий курс. Сборник включает разнообразные типы заданий и упражнений: различные по структуре и сложности тесты, задачи, проблемные вопросы, способствующие активному участию обучаемых в учебном процессе. К заданиям тестового характера в конце сборника приводятся ответы.В соответствии с учебной программой по концепциям современного естествознания для вузов задания и упражнения, предлагаемые в пособии, разделены на отдельные разделы. Пособие адресовано преподавателям и студентам вузов, но оно также может быть полезно студентам ссузов, школьным учителям и школьникам, интересующимся проблемами естествознания. 
606 1 |a Естествознание  |x Концептуальные основы  |2 stltpush  |3 (RuTPU)RU\TPU\subj\67376  |9 83201 
610 1 |a учебные пособия 
610 1 |a научное познание 
610 1 |a научная картина мира 
610 1 |a космология 
610 1 |a космогония 
610 1 |a астрономия 
610 1 |a физическая география 
610 1 |a физика 
610 1 |a химия 
610 1 |a биология 
610 1 |a экология 
610 1 |a синергетика 
675 |a 50(076)  |v 3 
700 1 |a Петунин  |b О. В.  |g Олег Викторович 
801 1 |a RU  |b 63413507  |c 20100208 
801 2 |a RU  |b 63413507  |c 20150428  |g RCR 
942 |c BK 
959 |a 1/20100204  |d 2  |e 94,80  |f ЧЗТЛ:1  |f АНЛ:1